000 00770nam a2200193 a 4500
001 000045610
005 20240305094430.0
008 150416s1988 dr 000 0 spa d
040 _aDO-SdBNP
_bspa
_cBNPHU
082 _axxxx
_bxxxx
100 1 _aCabral, Manuel del,
_d1907-1999
_923556
245 1 4 _aLos huespedes secretos /
_cManuel del Cabral.
260 _aSantiago de los Caballeros, República Dominicana :
_bPontificia Universidad Católica Madre y Maestra, Departamento de Publicaciones,
_c1988.
300 _a227 p. ;
_c22 cm.
490 1 _aContemporáneos
_v125
500 _aIncluye datos biográficos del autor en la solapa de la contracubierta
500 _aPerteneció a la biblioteca personal de Erick Landestoy.
830 0 _aContemporáneos.
_n125
_973678
999 _c45099
_d45099